[Event "Ruhrhalbinsel op 19th"]
[Site "Essen"]
[Date "2004.05.21"]
[Round "4"]
[White "Zannoni, Rudolf"]
[Black "Nolte Korden, Theo"]
[Result "1-0"]
[WhiteElo "1210"]
[BlackElo "1265"]
[PlyCount "75"]
[EventDate "2004.05.??"]
[EventType "swiss"]
[EventRounds "7"]
[EventCountry "GER"]
[SourceTitle "CBM 100 Extra"]
[Source "ChessBase"]
[SourceDate "2004.07.06"]
[SourceVersion "2"]
[SourceVersionDate "2004.07.06"]
[SourceQuality "1"]

1. e4 e5 2. Bc4 Nf6 3. d3 Nc6 4. a3 Be7 5. Nf3 d6 6. h3 0-0 7. Be3 Na5 8. Ba2 c5 9. Nbd2 Qb6 10. Rb1 Nc6 11. c3 Qc7 12. Qc2 Nd8 13. Nb3 h6 14. Qd2 Nh7 15. Rc1 Be6 16. Qc2 Qb6 17. c4 Qc7 18. Bb1 Bd7 19. Na1 a5 20. Qe2 Nc6 21. Nh2 Bg5 22. a4 Nd4 23. Qd1 Qd8 24. Ng4 Bxg4 25. hxg4 Bxe3 26. fxe3 Ne6 27. Rc2 Qg5 28. Rh3 Nf6 29. Rg3 h5 30. Qf3 h4 31. Rh3 Nxg4 32. Re2 f5 33. g3 fxe4 34. Qxe4 Rf7 35. d4 Nf6 36. Qf5 Re8 37. d5 Nf8 38. Qxg5 1-0